000 00463nam a2200229Ia 4500
003 IT-RoPAU
008 120407s9999 xx 000 0 und d
040 _aIT-RoPAU
040 _cIT-RoPAU
041 _afra
100 _aPacien de Barcelone
245 _aEcrits
250 _aParis
260 _aDu Cerf
260 _c1995
300 _a392 p.
300 _c cm
490 _aSources Chrétiennes
490 _v410
942 _cBK
999 _c33966
_d33966